Modern Names of Romano-British Places - Statistics

General Stats
  • This quiz has been taken 130 times
  • The average score is 5 of 18
Answer Stats
Roman name Modern name % Correct
Londinium London
100%
Aquae Sulis Bath
79%
Eboracum York
50%
Lindum Lincoln
33%
Camulodunum Colchester
29%
Mamucium Manchester
29%
Dubris Dover
23%
Deva Chester
21%
Glevum Gloucester
21%
Verulamium St Albans
21%
Isca Exeter
15%
Pons Aelius Newcastle
14%
Venta Belgarum Winchester
12%
Ratae Leicester
10%
Luguvalium Carlisle
7%
Corinium Cirencester
7%
Durovernum Canterbury
6%
Viroconium Wroxeter
6%
No matching quizzes found
Score Distribution
Percent of People with Each Score
Percentile by Number Answered
Your Score History
You have not taken this quiz